000 01384cam a22002174a 4500
005 20250605164210.0
008 250528s ||||||||||||||||||||||||d
035 _a20220
020 _a194573826
040 _aGR-AtMCL
_bgre
_dGR-AtMCL
_eAACR2
245 1 _aBasic Technical English
260 _bOxford University Press,
_c1985
300 _a90
520 _aA reading course for beginner/ elementary level students in secondary schools, vocational schools and colleges, or in-company training programmes. Shapes, Forms of Transport, Vehicle Components, Materials, Geometric Shapes, Rotary Systems, Geometric Shapes, Electric Circuits, Rotary Systems Drills Cameras, Cutting Tools and Machines, Vehicle Components, Manual Operations, Generators, Petrol Engines, Manual Controls, Rotary Systems, Valves, Measuring Instruments, Cutting Machines, Joining Methods, Industrial Processes, Steam Engines, Petrol Engines, Electromagnetism, Materials, Measuring Instruments, Fault Finding, Electrical Components, Materials, Joining Methods, Electrical Connections, Personal Safety, Materials Protection, Structural Safety, Industrial Processes, Electronic Components, Thermostatic Controls, Refrigeration, Petrol Engines.
700 1 _aComfort Jeremy
_95186
700 1 _aHick Steve
_96247
700 1 _aSavage Allan
_96248
942 _cBK
999 _c5354
_d5354